The power of now : (Record no. 25481)
[ view plain ]
| 000 -LEADER | |
|---|---|
| fixed length control field | 00764cam a22002415a 4500 |
| 001 - CONTROL NUMBER | |
| control field | 011317012 |
| 005 - DATE AND TIME OF LATEST TRANSACTION | |
| control field | 20201128024158.0 |
| 008 - FIXED-LENGTH DATA ELEMENTS--GENERAL INFORMATION | |
| fixed length control field | 011029s2016 enk frb 000 0 eng d |
| 020 ## - INTERNATIONAL STANDARD BOOK NUMBER | |
| International Standard Book Number | 9780340733509 |
| 040 ## - CATALOGING SOURCE | |
| Original cataloging agency | DLC |
| Transcribing agency | DLC |
| Modifying agency | Uk |
| -- | EG-SCBUE |
| Language of cataloging | eng |
| 082 04 - DEWEY DECIMAL CLASSIFICATION NUMBER | |
| Classification number | 291.44 |
| Edition number | 22 |
| Item number | TOL |
| 100 1# - MAIN ENTRY--PERSONAL NAME | |
| Personal name | Tolle, Eckhart, |
| Dates associated with a name | 1948- |
| 245 14 - TITLE STATEMENT | |
| Title | The power of now : |
| Remainder of title | a guide to spiritual enlightenment / |
| Statement of responsibility, etc | Eckhart Tolle. |
| 260 ## - PUBLICATION, DISTRIBUTION, ETC. (IMPRINT) | |
| Place of publication, distribution, etc | London : |
| Name of publisher, distributor, etc | Yellow Kite / Hodder & Stoughton, |
| Date of publication, distribution, etc | 2016. |
| 300 ## - PHYSICAL DESCRIPTION | |
| Extent | xv, 191 p. ; |
| Dimensions | 20 cm. |
| 500 ## - GENERAL NOTE | |
| General note | Previous ed.: Novato, Calif : New World Library, 1999. |
| 504 ## - BIBLIOGRAPHY, ETC. NOTE | |
| Bibliography, etc | Bibliography : p. 193. |
| 650 #7 - SUBJECT ADDED ENTRY--TOPICAL TERM | |
| Topical term or geographic name as entry element | Spiritual Life. |
| Source of heading or term | BUEsh |
| 9 (RLIN) | 1046 |
| 651 ## - SUBJECT ADDED ENTRY--GEOGRAPHIC NAME | |
| Source of heading or term | BUEsh |
| 653 ## - INDEX TERM--UNCONTROLLED | |
| Resource For college | Generalities |
| Arrived date list | October2017 |
| 655 ## - INDEX TERM--GENRE/FORM | |
| Form subdivision | Reading book |
| -- | 34232 |
| 942 ## - ADDED ENTRY ELEMENTS (KOHA) | |
| Source of classification or shelving scheme | Dewey Decimal Classification |
| Withdrawn status | Item status | Source of classification or shelving scheme | Damaged status | Not for loan | Vendor | Home library | Current library | Shelving location | Date acquired | Source of acquisition | Cost, normal purchase price | Total Checkouts | Total Renewals | Full call number | Barcode | Date last seen | Date last borrowed | Cost, replacement price | Koha item type |
|---|---|---|---|---|---|---|---|---|---|---|---|---|---|---|---|---|---|---|---|
| Dewey Decimal Classification | Baccah | Central Library | Central Library | Lower Floor | 12/10/2017 | Purchase | 240.00 | 4 | 22 | 291.44 TOL | 000042129 | 18/08/2021 | 21/03/2021 | 300.00 | Book - Borrowing |